TB. OF MEDICAL BIOCHEMISTRY (Record no. 20967)

MARC details
000 -LEADER
fixed length control field 00339nam a22001577a 4500
003 - CONTROL NUMBER IDENTIFIER
control field SGT
020 ## - INTERNATIONAL STANDARD BOOK NUMBER
International Standard Book Number 9788177395808
082 ## - DEWEY DECIMAL CLASSIFICATION NUMBER
Classification number 612.015
Item number M21G
100 ## - MAIN ENTRY--PERSONAL NAME
Personal name GUPTA, S.K.
245 ## - TITLE STATEMENT
Title TB. OF MEDICAL BIOCHEMISTRY
250 ## - EDITION STATEMENT
Edition statement 2ND
260 ## - PUBLICATION, DISTRIBUTION, ETC. (IMPRINT)
Place of publication, distribution, etc INDIA
Name of publisher, distributor, etc AVICHAL
Year of Publication 2021
300 ## - PAGE DESCRIPTION
No. of Pages 784
650 ## - SUBJECT ADDED ENTRY--TOPICAL TERM
Topical term or geographic name as entry element BIOCHEMISTRY
942 ## - ADDED ENTRY ELEMENTS (KOHA)
Source of classification or shelving scheme Dewey Decimal Classification
Koha item type Books
942 ## - ADDED ENTRY ELEMENTS (KOHA)
-- 254
Holdings
Withdrawn status Lost status Source of classification or shelving scheme Damaged status Not for loan Collection code Home library Current library Shelving location Date acquired Vendor Name Cost, normal purchase price SGTU Bill Number Total Checkouts Full call number Accession No. (Barcode) Date last seen Date last borrowed Bill Date Koha item type Total Renewals
    Dewey Decimal Classification     MEDICAL SGT Medical Library SGT Medical Library Text Book 26/03/2021 ABC DELHI 1195.00 SGTU 12725 38 612.015 M21G FM12256 21/03/2026 21/03/2026 19/02/2021 Books  
    Dewey Decimal Classification     MEDICAL SGT Medical Library SGT Medical Library Text Book 26/03/2021 ABC DELHI 1195.00 SGTU 12725 82 612.015 M21G FM12257 21/03/2026 18/03/2026 19/02/2021 Books 3
    Dewey Decimal Classification     MEDICAL SGT Medical Library SGT Medical Library Text Book 26/03/2021 ABC DELHI 1195.00 SGTU 12725 59 612.015 M21G FM12258 06/11/2025 24/10/2025 19/02/2021 Books  
    Dewey Decimal Classification     MEDICAL SGT Medical Library SGT Medical Library Text Book 26/03/2021 ABC DELHI 1195.00 SGTU 12725 52 612.015 M21G FM12259 06/03/2026 20/02/2026 19/02/2021 Books  
    Dewey Decimal Classification     MEDICAL SGT Medical Library SGT Medical Library Text Book 26/03/2021 ABC DELHI 1195.00 SGTU 12725 49 612.015 M21G FM12260 24/04/2026 09/04/2026 19/02/2021 Books 2